The Orthodox Church in the Byzantine Empire (Titelsatznr. 65382)
[ MARC ]
| 000 -Satzkennung | |
|---|---|
| Kontrollfeld mit fester Länge | 01380nad a2200385 a 4500 |
| 001 - Kontrollnummer | |
| Kontrollfeld | MIU01000000000000005809578 |
| 003 - Kontrollnummer Identifier | |
| Kontrollfeld | MiU |
| 005 - Datum und Zeit der letzten Transaktion | |
| Kontrollfeld | 20231010141111.0 |
| 007 - Feld mit fester Länge zur physischen Beschreibung - Allgemeine Information | |
| Kontrollfeld mit fester Länge | cr mnummmmuuuu |
| 008 - Feld mit fester Länge zur physischen Beschreibung - Allgemeine Angaben | |
| Kontrollfeld mit fester Länge | 911219t19901986enk sb 001 0 eng d |
| 020 ## - Internationale Standardbuchnummer | |
| Gelöschte/ungültige ISBN | 0198264569 |
| 020 ## - Internationale Standardbuchnummer | |
| Gelöschte/ungültige ISBN | 9780198264569 |
| 024 7# - Anderer Standardidentifier | |
| Standardnummer oder Code | 2027/heb03026 |
| Quelle der Nummer oder des Codes | hdl |
| 040 ## - Katalogisierungsquelle | |
| Original-Katalogisierungsstelle | MiU |
| Übertragungsstelle | MiU |
| 090 ## - LOCALLY ASSIGNED LC-TYPE CALL NUMBER (OCLC); LOCAL CALL NUMBER (RLIN) | |
| Notation (OCLC) (R) ; Notation, CALL (RLIN) (NR) | BX300 |
| Local cutter number (OCLC) ; Book number/undivided call number, CALL (RLIN) | (INTERNET) |
| 041 ## - Sprachcode | |
| Sprachcode des Textes/der Tonspur oder des separaten Titels | eng |
| 100 1# - Haupteintragung - Personenname | |
| Personenname | Hussey, J. M. |
| Vollständige Form eines Namens | (Joan Mervyn) |
| Koha-Normdatenidentnummer | 37297 |
| 245 14 - Titel | |
| Titel | The Orthodox Church in the Byzantine Empire |
| Medium | [electronic resource] / |
| Verfasserangabe etc. | J.M. Hussey. |
| 250 ## - Ausgabebezeichnung | |
| Ausgabebezeichnung | 1st Clarendon pbk. ed. |
| 264 ## - Produktion, Veröffentlichung, Distribution, Herstellung und Urheberrechtsvermerk | |
| Herstellungs-, Veröffentlichungs- Vertriebs-, Erzeugungsort | Oxford : |
| Produzent, Herausgeber, Distributor, Hersteller | Clarendon, |
| Datum der Herstellung, der Veröffentlichung, des Vertriebs oder des Urheberschutzvermerks | 1990, c1986. |
| 300 ## - Physische Beschreibung | |
| Umfang | xxvii, 408 p. : |
| Andere physische Details | maps ; |
| Maße | 24 cm. |
| 336 ## - Inhaltstyp | |
| Quelle | rdacontent |
| Inhaltstypcode | txt |
| Inhaltstypterm | Text |
| 337 ## - Medientyp | |
| Quelle | rdamedia |
| Medientypcode | bc |
| Bezeichnung des Medientyps | Computermedien |
| 338 ## - Datenträgertyp | |
| Quelle | rdacarrier |
| Datenträgertypcode | cr |
| Datenträgertypbezeichnung | Online Ressource |
| 490 ## - Gesamttitelangabe | |
| Gesamttitelangabe | Oxford history of the Christian church |
| 504 ## - Fußnote zu Literaturverzeichnissen usw. | |
| Fußnote zu Bibliographien usw. | Includes bibliography (p. 368-279) and index. |
| 500 ## - Allgemeine Fußnote | |
| Allgemeine Fußnote | Folding map at back of book. |
| 500 ## - Allgemeine Fußnote | |
| Allgemeine Fußnote | E-Book-ACLS / Zugriff nur im DHI-Lesesaal |
| 500 ## - Allgemeine Fußnote | |
| Allgemeine Fußnote | American Council of Learned Societies/ https://www.humanitiesebook.org/about/ |
| 610 20 - Nebeneintragung unter einem Schlagwort - Körperschaftsname | |
| Körperschafts- oder Gebietskörperschaftsname als Eintragungselement | Orthodox Eastern Church |
| Geografische Unterteilung | Byzantine Empire. |
| Koha-Normdatenidentnummer | 37298 |
| 651 #0 - Nebeneintragung unter einem Schlagwort - Geografischer Name | |
| Geografischer Name | Byzantine Empire |
| Allgemeine Unterteilung | Church history. |
| Koha-Normdatenidentnummer | 37299 |
| 830 #0 - Nebeneintragung unter dem Gesamttitel - Einheitstitel | |
| Einheitstitel | ACLS Humanities E-Book. |
| Koha-Normdatenidentnummer | 37300 |
| 856 40 - Elektronische Adresse und Zugriff | |
| OPAC-Notiz | Volltext |
| URL | <a href="https://hdl.handle.net/2027/heb03026">https://hdl.handle.net/2027/heb03026</a> |
| 942 ## - Zusätzliche Felder (Koha) | |
| Koha-Medientyp | E-Books |
| Ausgeschieden | Verloren | Beschädigt | Nicht entleihbar | Heimatbibliothek | Aufenthaltsbibliothek | Aufstellungsort | Erwerbungsdatum | Inventarnummer | Signatur | Barcode | Letzte Aktivität | Preis gültig von | Koha-Medientyp |
|---|---|---|---|---|---|---|---|---|---|---|---|---|---|
| MWN Osteuropa | MWN Osteuropa | Online-Ressource | 10/10/2023 | 23-e0ACLS | E-23-e0ACLS | 68217 | 10/10/2023 | 10/10/2023 | E-Books |